000 00796nam a22001817a 4500
005 2012021008578.0
020 _c250.00
_a8180310809
035 _aB-205845
037 _b
_adpl
082 _a181.492
100 _aजैन, महावीर सरन
_941444
245 1 _aभगवान महावीर एवं जैन दर्शन /
_c महावीर सरन जैन
260 _aइलाहाबाद
_bलोकभारती प्रकाशन
_c2006
270 _a
_b
_e
_k
300 _a304पृ.
_c22सेमी (सजिल्द)
942 _adpl
_cHN
_k
_2ddc
_h181.492
_mजैनम
999 _c62455
_d62455